LOTR Gandalf Movie Quotes Quiz Stats

 Plays Quiz not verified by Sporcle

Support Sporcle.
Go Orange.
Score 0/26 Timer 08:00
0 Plays Today
Quote Answer % Correct
'The Ring has awoken. It's heard it's _____ _____.'master's call
79.9%
'It is in men we must place____ ____our hope
79.3%
'There are many ___ rings in the world Bilbo Baggins and none of them should be used lightly.'magic
78.9%
'There never was much hope. Just __ ___ __'a fool's hope
78.3%
'Of all the Hobbits, Peregrin Took, you are the ____!'worst
74.6%
'A palantir is a dangerous ____ Saruman'tool
74.3%
'Send those foul beasts into __ ___!'the abyss
69.7%
'If you are referring to the incident with the dragon, I was ____ ____barely involved
69.3%
'Frodo has passed beyond __ _____'my sight
67.8%
'Be silent! Keep your ___ ____ behind your teeth!'forked tongue
65.9%
'We must trust now in Frodo. Everything depends upon speed and the secrecy of his ____'quest
65.3%
SUNG:'Down from the door where it ____ and I must follow if I can.'began
59.1%
'Do not be too eager to deal out death and _____'judgment
57.9%
Quote Answer % Correct
'I must see the head of my order. He is both _____and _____wise and powerful
54.5%
'I do not ask your pardon, Master Elrond for the ___ ___of _____ may yet be heard in every corner of the West'Black Speech of Mordor
51.7%
'I once knew every spell in the tongues of elves, men and ____' orcs
50.2%
'Until at last I threw down my enemy and ____ ___ ____ upon the mountainside'smote his ruin
48.6%
'Now come the days of the King. __ __ __ ___' (4 words)May they be blessed
46.1%
'Be careful, even in defeat _____ __ _______'Saruman is dangerous
44%
'Shadowfax is The Lord of all horses...and he has been my friend through ___ ____'many dangers
43.3%
'___ ___ lives of men I've walked this earth, and now I have no time'Three hundred
42.7%
'All our hopes now lie with ___ ___ _____'two little Hobbits
42.4%
'Gollum has some part to play yet for ___ __ ___ before this is over'good or ill
40.6%
I have some things I must attend to.'FRODO:'What things?''GANDALF '______'Questions
33.7%
'His treachery runs deeper than you think. Saruman is coming ___ __ ___for the ring
31.6%
'We do not come to treat with Sauron, ____ and accursed'faithless
23.2%

You're not logged in!

Compare scores with friends on all Sporcle quizzes.
OR
Log In

From the Vault

Movie Character Blitz II

by Thebiguglyalien

These characters are kind of a big deal. People know them.
Remove Ads.
Support Sporcle.
Get the best of Sporcle when you Go Orange. This ad-free experience offers more features, more stats, and more fun while also helping to support Sporcle. Thank you for becoming a member.

Show Comments

Extras

Top Quizzes Today


Score Distribution

Your Account Isn't Verified!

In order to create a playlist on Sporcle, you need to verify the email address you used during registration. Go to your Sporcle Settings to finish the process.

Report this User

Report this user for behavior that violates our Community Guidelines.

Details: